Pays de l'espace Schengen - Mort subite - Statistiques

Statistiques générales
  • Ce quiz a été pris 1 244 fois
  • Le résultat moyen est 7 sur 23
Answers on the Grid
Answers color-coded by a green-red scale on the quiz's grid according to % correct below.
France
Croatie
Suède
Finlande
Norvège
Pologne
Lettonie
Espagne
Autriche
Suisse
Islande
Belgique
Allemagne
Luxembourg
Liechtenstein
Hongrie
Bulgarie
Roumanie
Danemark
Portugal
Grèce
Italie
Estonie
Bosnie-Herzégovine
Moldavie
Israël
Ukraine
Serbie
Albanie
Andorre
Irlande
Royaume-Uni
Chypre
 
Statistiques - réponses
Réponse % Correct
France
56%
Allemagne
50%
Italie
50%
Belgique
47%
Espagne
47%
Portugal
46%
Luxembourg
38%
Autriche
37%
Pologne
36%
Grèce
35%
Danemark
34%
Croatie
30%
Suède
30%
Hongrie
26%
Suisse
25%
Finlande
22%
Roumanie
22%
Norvège
21%
Bulgarie
19%
Lettonie
19%
Estonie
18%
Liechtenstein
18%
Islande
13%
Aucun quiz correspondant
Distribution des résultats
% des personnes avec chaque résultat
Percentile par nombre de réponses
Votre historique - résultats
Vous n’avez pas pris ce quiz